00483nam a22001577a 450000500170000001000150001702000270003203500130005903700130007208200170008524500670010226000420016927000720021130000230028350000190030620140908114355.0 aENG-110754 a9788183875035c1150.00 aEN-94286 bDBAD/PUB a305.56880954 aAmbedkar and future of dalits /cedited by Sukant K. Chaudhury aNew DelhibSerials Publicationsc2013 a4830/24, Prahlad Street, Ansari Road, Darya GanjbNew Delhie110002 ax,326p. c22cm(Hb) aIncludes index